BASIC KEELBOARD THE NATIONAL STANDARD FOR QUALITY SAILING INSTRUCTION / (Record no. 616246)

000 -LEADER
fixed length control field 00402nam a22001337a 4500
020 ## - INTERNATIONAL STANDARD BOOK NUMBER
Qualifying information PB.
040 ## - CATALOGING SOURCE
Transcribing agency FIZZA ISHAQ
082 ## - DEWEY DECIMAL CLASSIFICATION NUMBER
Classification number 823.912
Author Mark SAI
100 ## - MAIN ENTRY--PERSONAL NAME
Personal name ASSOCIATION,SAILING US.
9 (RLIN) 133284
245 ## - TITLE STATEMENT
Title BASIC KEELBOARD THE NATIONAL STANDARD FOR QUALITY SAILING INSTRUCTION /
Statement of responsibility, etc. US SAILING ASSOCIATION.
260 ## - PUBLICATION, DISTRIBUTION, ETC.
Place of publication, distribution, etc. NEW YORK ;
Name of publisher, distributor, etc. US SAILING,
Date of publication, distribution, etc. 1949.
300 ## - PHYSICAL DESCRIPTION
Extent 91 P. ;
Dimensions 10.8X8.3IN
942 ## - ADDED ENTRY ELEMENTS (KOHA)
Source of classification or shelving scheme
Koha item type Book
Holdings
Withdrawn status Lost status Source of classification or shelving scheme Damaged status Not for loan Permanent Location Current Location Shelving location Date acquired Total Checkouts Full call number Barcode Date last seen Price effective from Koha item type
          NUST Baluchistan Campus (NBC) NUST Baluchistan Campus (NBC) Text Books 02/17/2026   823.912 SAI QD-797 02/17/2026 02/17/2026 Book
© 2023 Central Library, National University of Sciences and Technology. All Rights Reserved.